000 00417pam a2200157a 44500
008 230515b2020 xxu||||| |||| 00| 0 eng d
020 _aNULL
041 _aENGLISH
082 _a611
100 _aSONTAKKE YOGESH
245 _aTEXT BOOK OF HUMAN HISTOLOGY WITH COLOR ATLAS 3D ILUSTRATION FLOWCHARLTS
250 _a2020
260 _a
_bCBA PUBLISHERS AND DISTRIBUTORS
_c2020
300 _a346
650 _aNULL
999 _c557072
_d557072